00989 2200325 4500001002100000005001500021035002000036007000300056008004100059020002200100040002200122082001200144084001400156090001700170100002800187245012400215300004500339650001300384700002300397700003300420850001200453264004400465336002100509337003000530338002300560990002000583990002000603990002000623990002000643INLIS00000000085298420191114091045 a0010-1119000392ta191114s2019 jkia g ind d a978-623-00-0393-6 aYOPDYOGbinderda04223a591 a591 HAM a aQR 591 HAM a0 aHammond, Paulaepenulis10aAtlas binatang paling berbahaya sedunia /cpenulis, Paula Hammond; penyunting, Tom Broder; penerjemah, Olivia Bernadett a221 halaman :bilustrasi, tabel ;c27 cm 4aBinatang0 aTom Brodereeditor0 aOlivia Bernadettepenerjemah aYOPDYOG31aJakarta :bElex Media Komputindo,c2019 2rdacontentateks 2rdamediaatanpa perantara 2rdacarrieravolume a39329-PD/B.2019 a39328-PD/B.2019 a39329-PD/B.2019 a39328-PD/B.2019